[Event "05.OIBayEM Bad Wiessee op"]
[Site "?"]
[Date "2001.11.02"]
[Round "7"]
[White "Rossmanith Alexander"]
[Black "Cladouras Panagiotis"]
[Result "1-0"]
[WhiteElo "2183"]
[BlackElo "2331"]
[PlyCount "81"]
[EventDate "2001.??.??"]
[Source "www.chesslib.no"]
[SourceDate "2004.05.04"]

1. e4 e5 2. d4 d6 3. dxe5 dxe5 4. Qxd8+ Kxd8 5. Bc4 f6 6. Be3 Bd6 7. Nc3 c6 8. O-O-O Kc7 9. Nge2 Nd7 10. Rd2 Nb6 11. Bb3 Nh6 12. Rhd1 Be7 13. f3 f5 14. h3 f4 15. Nxf4 Bg5 16. Bc5 Bxf4 17. Bd6+ Kd7 18. Bxe5+ Bxd2+ 19. Rxd2+ Ke7 20. Bxg7 Rd8 21. Bxh6 Rxd2 22. Kxd2 Be6 23. Bxe6 Kxe6 24. b3 c5 25. f4 c4 26. Ke3 cxb3 27. cxb3 Rc8 28. Nb5 a6 29. Nd4+ Kf7 30. e5 Kg6 31. Bg5 Nd5+ 32. Kf3 Rc1 33. g3 Rd1 34. Ne2 Rd3+ 35. Ke4 Re3+ 36. Kxd5 Rxe2 37. Ke6 Rxa2 38. h4 h5 39. f5+ Kh7 40. Kf7 Rf2 41. f6 1-0

[Event "Korolev (Russia)"]
[Site "?"]
[Date "1998.??.??"]
[Round "8"]
[White "Kolmakov Pavel"]
[Black "Zheleznikov Alexey"]
[Result "0-1"]
[WhiteElo "2232"]
[BlackElo "2272"]
[PlyCount "90"]
[EventDate "1998.??.??"]
[Source "www.chesslib.no"]
[SourceDate "2004.05.04"]

1. e4 e5 2. d4 exd4 3. Bc4 Qe7 4. Qxd4 Nc6 5. Qe3 Qb4+ 6. Qc3 Ne5 7. Bb3 Qxe4+ 8. Ne2 Bb4 9. O-O Bxc3 10. Nbxc3 Qg6 11. Nb5 Kd8 12. Bf4 d6 13. Rad1 Bd7 14. Nec3 a6 15. Nd4 Nf6 16. Rfe1 Re8 17. Re3 Nh5 18. Bxe5 Rxe5 19. Rxe5 dxe5 20. Nf3 Nf4 21. Rxd7+ Kc8 22. g3 Qh5 23. Rxf7 Qxf3 24. gxf4 Qg4+ 25. Kf1 Kb8 26. fxe5 Ka7 27. Rxc7 Rd8 28. Rf7 Qh3+ 29. Kg1 Rd4 30. Rxg7 Qh6 31. Rg3 Rh4 32. h3 Rxh3 33. Rxh3 Qxh3 34. e6 Qg4+ 35. Kf1 Qh4 36. Kg2 h5 37. Bd5 Qg5+ 38. Kh3 Qf5+ 39. Kg3 Qg4+ 40. Kh2 Qf4+ 41. Kg2 h4 42. Ne4 Qg4+ 43. Kh2 Qf4+ 44. Kg2 h3+ 45. Kg1 Qg4+ 0-1

[Event "Koge op"]
[Site "Koge"]
[Date "1997.??.??"]
[Round "9"]
[White "Hald, Jens Erik Kofoed"]
[Black "Sorensen, Torben"]
[Result "1/2-1/2"]
[WhiteElo "2195"]
[BlackElo "2300"]
[PlyCount "196"]
[EventDate "1997.??.??"]
[Source "www.chesslib.no"]
[SourceDate "2004.05.04"]

1. e4 e5 2. d4 d6 3. dxe5 dxe5 4. Qxd8+ Kxd8 5. Bc4 f6 6. Be3 Nd7 7. Nc3 Bc5 8. Bxc5 Nxc5 9. O-O-O+ Nd7 10. Nge2 c6 11. Rd2 Kc7 12. Rhd1 Nb6 13. Bb3 Ne7 14. f3 a5 15. a3 Ng6 16. Ng3 Nf4 17. Na4 Nxa4 18. Bxa4 Re8 19. Bb3 Rb8 20. Nf1 Ne6 21. c3 Nc5 22. Bc2 a4 23. Ne3 Be6 24. g4 Re7 25. h4 h5 26. gxh5 Rh8 27. Rg2 Rxh5 28. Rdg1 Rh7 29. h5 Rd7 30. Rg6 Rf7 31. Rh1 Kd8 32. Kd2 Rd7+ 33. Ke2 Bf7 34. Rg3 Rxh5 35. Rxh5 Bxh5 36. Nf5 Ne6 37. Bxa4 Nf4+ 38. Ke1 g6 39. Ne3 Rd3 40. Nd1 Rxf3 41. Rxf3 Bxf3 42. Nf2 Ke7 43. Kd2 f5 44. Ke3 Bxe4 45. Nxe4 Nd5+ 46. Kf3 fxe4+ 47. Kxe4 Kd6 48. Bc2 Nf6+ 49. Ke3 g5 50. Bd1 e4 51. c4 Ke5 52. b4 Ne8 53. a4 Nd6 54. Be2 Nf5+ 55. Kf2 e3+ 56. Ke1 Kd4 57. a5 Nd6 58. b5 Kc5 59. a6 bxa6 60. bxa6 Nc8 61. Bg4 Na7 62. Be6 Kb6 63. Ke2 Kxa6 64. Kxe3 c5 65. Ke4 Nc6 66. Bd5 Nd4 67. Ke5 Ka5 68. Kf6 g4 69. Kg5 g3 70. Kg4 Ne2 71. Bf3 Kb4 72. Bd5 Kc3 73. Kf3 Kd2 74. Bg8 Kc1 75. Kg2 Kd1 76. Kf3 Kd2 77. Bd5 Kd3 78. Bg8 Kd2 79. Bd5 Kd1 80. Bg8 Ke1 81. Kg2 Kd2 82. Kf3 Kd3 83. Bd5 Nc3 84. Kxg3 Ne4+ 85. Kf3 Nd6 86. Kf2 Kd2 87. Kf3 Kd3 88. Kf2 Nxc4 89. Ke1 Na3 90. Bg8 Kc3 91. Ke2 Nc2 92. Kd1 Nb4 93. Kc1 Nd3+ 94. Kb1 Nf2 95. Kc1 Ne4 96. Kb1 Nf6 97. Bf7 Ne4 98. Kc1 Nd2 1/2-1/2

[Event "Pablo Moran mem blindfold 3rd"]
[Site "?"]
[Date "2001.12.09"]
[Round "4"]
[White "Gonzalez Menendez Ivan"]
[Black "Olea Perez Mario"]
[Result "1-0"]
[WhiteElo "2223"]
[BlackElo "2269"]
[PlyCount "51"]
[EventDate "2001.??.??"]
[Source "www.chesslib.no"]
[SourceDate "2004.05.04"]

1. e4 e5 2. d4 exd4 3. Bc4 d6 4. Nf3 Be7 5. Nxd4 Nf6 6. Nc3 Nc6 7. O-O O-O 8. Kh1 Bg4 9. f3 Bd7 10. Be3 a6 11. a4 Ne5 12. Bb3 b5 13. axb5 axb5 14. Ndxb5 Rxa1 15. Qxa1 d5 16. exd5 Bxb5 17. Nxb5 Nxd5 18. Rd1 c6 19. Nc3 Nxe3 20. Rxd8 Rxd8 21. Qa5 N5c4 22. Qc7 Bf6 23. h4 Ra8 24. Bxc4 Ra1+ 25. Kh2 Nxc4 26. Qc8+ 1-0

[Event "TCh-BEL 2004-5"]
[Site "?"]
[Date "2004.12.05"]
[Round "5"]
[White "Hautot Stephane"]
[Black "Baert Andy"]
[Result "1-0"]
[WhiteElo "2328"]
[BlackElo "2164"]
[PlyCount "70"]
[EventDate "2004.??.??"]
[Source "www.chesslib.no"]
[SourceDate "2004.05.04"]

1. e4 e5 2. d4 exd4 3. Nf3 Nf6 4. e5 Ne4 5. Qxd4 d5 6. exd6 Nxd6 7. Bd3 Nc6 8. Qf4 g6 9. O-O Bg7 10. Re1+ Be6 11. Ng5 O-O 12. Nxe6 fxe6 13. Qg4 Qf6 14. Rf1 Ne5 15. Qe2 Nxd3 16. Qxd3 Qf5 17. Qe2 Rad8 18. c3 Ne4 19. Be3 Kh8 20. Na3 a6 21. Rad1 b5 22. Nc2 c5 23. f3 Nd6 24. Qf2 Nb7 25. Rfe1 Rd5 26. Bc1 Rxd1 27. Rxd1 Rd8 28. Rxd8+ Nxd8 29. Be3 Bf8 30. Qd2 Qd5 31. Bg5 Nf7 32. Bf6+ Kg8 33. Qxd5 exd5 34. Ne3 Nd6 35. Nxd5 Kf7 1-0

[Event "CRO-chT2"]
[Site "Tucepi"]
[Date "1996.??.??"]
[Round "?"]
[White "Ponos, Velimir"]
[Black "Mazuran, Marijan"]
[Result "1/2-1/2"]
[WhiteElo "2265"]
[BlackElo "2225"]
[PlyCount "26"]
[EventDate "1996.??.??"]
[Source "www.chesslib.no"]
[SourceDate "2004.05.04"]

1. e4 e5 2. d4 exd4 3. Nf3 Nf6 4. e5 Ne4 5. Qxd4 d5 6. exd6 Nxd6 7. Bg5 f6 8. Be3 Nc6 9. Qd2 Be6 10. Nc3 Nc4 11. Bxc4 Bxc4 12. O-O-O Bb4 13. a3 Be7 1/2-1/2

[Event "RUS-Cup4"]
[Site "Perm"]
[Date "1997.02.11"]
[Round "4"]
[White "Skatchkov, Pavel"]
[Black "Prokhorov, Alexander"]
[Result "1-0"]
[WhiteElo "2370"]
[BlackElo "2120"]
[PlyCount "49"]
[EventDate "1997.02.02"]
[Source "ChessBase"]

1. e4 e5 2. d4 exd4 3. Bc4 Qe7 4. Qxd4 Nc6 5. Qe3 Qc5 6. Qe2 Nf6 7. Nf3 Nd4 8. Nxd4 Qxd4 9. O-O Bc5 10. e5 Ne4 11. Bd3 Nxf2 12. Rxf2 O-O 13. Nc3 Qxf2+ 14. Qxf2 Bxf2+ 15. Kxf2 f6 16. exf6 Rxf6+ 17. Kg1 c6 18. Ne4 Re6 19. Bd2 h6 20. c4 b6 21. Bc3 Ba6 22. Ng3 Re3 23. Rd1 Rf8 24. Be4 Re8 25. Bf5 1-0

[Event "AUT Ch sf"]
[Site "Hartberg AUT"]
[Date "1992.??.??"]
[Round "?"]
[White "Brandl, Rudolf"]
[Black "Insam, Heinz"]
[Result "1/2-1/2"]
[WhiteElo "2240"]
[BlackElo "2250"]
[PlyCount "30"]
[EventDate "1992.??.??"]
[Source "www.chesslib.no"]
[SourceDate "2004.05.04"]

1. e4 e5 2. d4 exd4 3. Nf3 Qe7 4. Bd3 Nc6 5. O-O d6 6. h3 Nf6 7. Re1 Bd7 8. Bf1 g6 9. Nxd4 Nxd4 10. Qxd4 Bg7 11. Nc3 O-O 12. Qd3 Bc6 13. Bg5 Qe5 14. Qe3 Rfe8 15. f3 Nd7 1/2-1/2

[Event "Magistral las Dunas op 5th"]
[Site "?"]
[Date "2001.??.??"]
[Round "7"]
[White "Crosa Martin"]
[Black "Lipiniks Leonardo"]
[Result "1-0"]
[WhiteElo "2308"]
[BlackElo "2158"]
[PlyCount "79"]
[EventDate "2001.??.??"]
[Source "www.chesslib.no"]
[SourceDate "2004.05.04"]

1. e4 e5 2. d4 d6 3. dxe5 dxe5 4. Qxd8+ Kxd8 5. Bc4 Be6 6. Bxe6 fxe6 7. Nc3 Bd6 8. Bg5+ Nf6 9. O-O-O Ke7 10. f3 a6 11. Nh3 h6 12. Be3 g5 13. Nf2 Nbd7 14. h4 Bc5 15. Kd2 Bxe3+ 16. Kxe3 Rag8 17. hxg5 hxg5 18. Rxh8 Rxh8 19. Rh1 Rxh1 20. Nxh1 Kf7 21. Nf2 Nh5 22. Ne2 Nf4 23. a3 Nxe2 24. Kxe2 Nf8 25. a4 Nd7 26. a5 b6 27. Kd3 bxa5 28. Kc3 Ke7 29. Kb3 Nb6 30. Ka3 c5 31. Kb3 a4+ 32. Kc3 a5 33. Kd3 c4+ 34. Kc3 Kd6 35. Nh3 g4 36. fxg4 a3 37. bxa3 Kc5 38. g5 Na4+ 39. Kd2 Kd4 40. g6 1-0

[Event "Ikaros Open"]
[Site "Ikarios"]
[Date "1995.??.??"]
[Round "6"]
[White "Rama, Lorenc"]
[Black "Psomiadis, Stavros"]
[Result "1-0"]
[WhiteElo "2290"]
[BlackElo "2170"]
[PlyCount "57"]
[EventDate "1995.??.??"]
[Source "www.chesslib.no"]
[SourceDate "2004.05.04"]

1. e4 e5 2. d4 d6 3. Bc4 exd4 4. Qxd4 Nc6 5. Qe3 Nf6 6. Nc3 Be7 7. f3 Ne5 8. Bb3 h6 9. Bd2 Be6 10. O-O-O Bxb3 11. axb3 c6 12. f4 Ng6 13. Nf3 Qb6 14. Qe2 O-O-O 15. Kb1 Kb8 16. Be3 Qa5 17. Rd4 b5 18. Rhd1 Ng4 19. Bc1 Nf6 20. e5 dxe5 21. fxe5 Nh7 22. e6 b4 23. Na4 f5 24. h4 h5 25. Qe1 Rxd4 26. Nxd4 Qc7 27. Nxf5 Nf6 28. Nxe7 Qxe7 29. Qg3+ 1-0

[Event "SVK-chT1E 0001"]
[Site "?"]
[Date "2000.??.??"]
[Round "3"]
[White "Jacko Vladimir"]
[Black "Palecek Peter"]
[Result "1/2-1/2"]
[WhiteElo "2232"]
[BlackElo "2225"]
[PlyCount "114"]
[EventDate "2000.??.??"]
[Source "www.chesslib.no"]
[SourceDate "2004.05.04"]

1. e4 e5 2. d4 exd4 3. Bc4 Nf6 4. Qxd4 Nc6 5. Qe3 Be7 6. Nf3 d6 7. O-O O-O 8. Nc3 Ng4 9. Qe2 Nge5 10. Nxe5 dxe5 11. Be3 Nd4 12. Bxd4 Qxd4 13. Rad1 Qc5 14. Rd5 Qc6 15. Rxe5 Bf6 16. Nd5 Bd8 17. Rd1 Kh8 18. Bb3 Qd6 19. f4 Qg6 20. Ne3 c6 21. Qf3 f6 22. f5 Qg5 23. Rc5 Bb6 24. Rc3 g6 25. Kh1 Bxe3 26. Rxe3 gxf5 27. exf5 Qxf5 28. Qe2 Qg4 29. h3 Qxe2 30. Rxe2 Bf5 31. Re7 b5 32. c4 a5 33. cxb5 cxb5 34. Rd5 Bg6 35. Rxb5 f5 36. Bd5 Ra6 37. Bb7 Ra7 38. Ree5 Be8 39. Rb6 Bg6 40. Bf3 Rc8 41. Rc6 Rb8 42. Rcc5 Rxb2 43. Rxa5 Rxa2 44. Rxa2 Rxa2 45. Re7 Ra4 46. Kh2 Kg8 47. Kg3 Kf8 48. Rc7 Rd4 49. Bd5 Rb4 50. Bf3 Rd4 51. Be2 Rb4 52. Rc4 Rxc4 53. Bxc4 Kg7 54. Kf4 h6 55. Ke5 Be8 56. Kxf5 Bc6 57. g4 Ba4 1/2-1/2

[Event "HUN-chT2 9495"]
[Site "HUN"]
[Date "1995.??.??"]
[Round "?"]
[White "Deak, Laszlo"]
[Black "Jamrich, Gyorgy"]
[Result "0-1"]
[WhiteElo "2255"]
[BlackElo "2195"]
[PlyCount "90"]
[EventDate "1994.??.??"]
[Source "www.chesslib.no"]
[SourceDate "2004.05.04"]

1. e4 e5 2. d4 exd4 3. Nf3 Bb4+ 4. c3 dxc3 5. Nxc3 Ne7 6. Bc4 O-O 7. O-O Bxc3 8. bxc3 Nbc6 9. Ng5 h6 10. Nh3 d6 11. f4 Na5 12. Bd3 f5 13. Ba3 fxe4 14. Bxe4 Kh8 15. f5 Nc4 16. f6 Rxf6 17. Rxf6 gxf6 18. Qf1 Qg8 19. Qxf6+ Qg7 20. Qxg7+ Kxg7 21. Bc1 Bxh3 22. gxh3 d5 23. Bg2 c6 24. Bf4 Rf8 25. Bg3 Nf5 26. Bf2 Nfe3 27. Re1 Nxg2 28. Kxg2 Kf7 29. Bh4 Re8 30. Rxe8 Kxe8 31. Bf2 a5 32. Kf3 Kf7 33. Kf4 Kg6 34. h4 b5 35. Bc5 Kh5 36. Kf5 Nd2 37. Ke5 Ne4 38. Be3 Nxc3 39. Kd6 Nxa2 40. Kxc6 Nc3 41. Bb6 a4 42. Ba5 d4 43. Kc5 a3 44. Kxd4 b4 45. Bxb4 Nb5+ 0-1

[Event "XXIII Open"]
[Site "Reykjavik ISL"]
[Date "2008.03.06"]
[Round "4"]
[White "Sanchez Castillo, S."]
[Black "Thorsteinsson, E."]
[Result "0-1"]
[WhiteElo "2312"]
[BlackElo "2132"]
[PlyCount "54"]
[EventDate "2008.03.03"]
[Source "www.chesslib.no"]
[SourceDate "2004.05.04"]

1. e4 e5 2. d4 Nf6 3. dxe5 Nxe4 4. Qd5 Nc5 5. Bc4 Ne6 6. f4 c6 7. Qe4 d5 8. exd6 g6 9. Nf3 Qxd6 10. O-O Bg7 11. Kh1 O-O 12. Nc3 Nc5 13. Qe1 Bf5 14. Ng5 Nbd7 15. Be3 b5 16. Rd1 Qc7 17. Be2 Rfe8 18. Qf2 Bxc3 19. bxc3 Bxc2 20. Rd2 Ne4 21. Nxe4 Bxe4 22. c4 b4 23. c5 Nf6 24. Bd4 Qe7 25. Ba1 Rad8 26. Bc4 Ng4 27. Qe2 Qh4 0-1

[Event "HUN-chT3"]
[Site "Hungary"]
[Date "1996.??.??"]
[Round "?"]
[White "Deak, Laszlo"]
[Black "Balazs, Imre"]
[Result "0-1"]
[WhiteElo "2255"]
[BlackElo "2180"]
[PlyCount "60"]
[EventDate "1996.??.??"]
[Source "www.chesslib.no"]
[SourceDate "2004.05.04"]

1. e4 e5 2. d4 exd4 3. Nf3 c5 4. Bc4 Nf6 5. O-O Nc6 6. c3 Be7 7. cxd4 Nxe4 8. dxc5 Nxc5 9. Nc3 O-O 10. Bf4 Ne6 11. Bg3 Bf6 12. Rc1 a6 13. a4 Qa5 14. Bd6 Re8 15. Re1 b5 16. Bd3 b4 17. Nd5 Bxb2 18. Ng5 g6 19. Nf6+ Bxf6 20. Rc5 Qd8 21. h4 Nxc5 22. Bxc5 Rxe1+ 23. Qxe1 Bb7 24. Ne4 Be7 25. Bc4 Ne5 26. Bxe7 Qxe7 27. Bb3 d5 28. Ng5 h6 29. Nxf7 Kxf7 30. Qd2 Kg7 0-1

[Event "Asturias-ch"]
[Site "?"]
[Date "2001.??.??"]
[Round "7"]
[White "Andres Gonzalez Ivan"]
[Black "Quidiello Prado Manuel Rogeli"]
[Result "1/2-1/2"]
[WhiteElo "2237"]
[BlackElo "2193"]
[PlyCount "26"]
[EventDate "2001.??.??"]
[Source "www.chesslib.no"]
[SourceDate "2004.05.04"]

1. e4 e5 2. d4 exd4 3. Nf3 Nf6 4. Bc4 Nxe4 5. Qxd4 Nf6 6. O-O Be7 7. Re1 Nc6 8. Qh4 d5 9. Bd3 Be6 10. Nc3 Ne4 11. Qh5 Nf6 12. Qh4 Ne4 13. Qh5 Nf6 1/2-1/2

[Event "Wch Seniors"]
[Site "Gladenbach"]
[Date "1999.11.18"]
[Round "9"]
[White "Kripp, Wolfgang"]
[Black "Hoeschele, Hans Ulrich"]
[Result "0-1"]
[WhiteElo "2158"]
[BlackElo "2269"]
[PlyCount "114"]
[EventDate "1999.11.07"]
[Source "www.chesslib.no"]
[SourceDate "2004.05.04"]

1. e4 e5 2. d4 d6 3. dxe5 dxe5 4. Qxd8+ Kxd8 5. Nf3 f6 6. Be3 Be6 7. Nbd2 Nd7 8. Bc4 Bxc4 9. Nxc4 b5 10. Na5 Bb4+ 11. Bd2 Bxa5 12. Bxa5 Ne7 13. a4 Rb8 14. axb5 Rxb5 15. Bc3 Nc6 16. O-O Nc5 17. Nd2 Ne6 18. Nc4 Kc8 19. Ne3 Nf4 20. Rfe1 Rd8 21. g3 Ne6 22. Red1 Rxd1+ 23. Rxd1 Ng5 24. Rd5 a6 25. Rxb5 axb5 26. Nf5 g6 27. Nh6 Nxe4 28. Be1 Kd7 29. f3 Nd6 30. Ng4 Ke6 31. c3 f5 32. Ne3 Nc4 33. Nd1 N6a5 34. Kf1 Nb3 35. Bf2 Kd5 36. Be3 e4 37. Ke2 c6 38. fxe4+ fxe4 39. Bh6 Ke5 40. h3 Kf6 41. Be3 h5 42. Nf2 Ke5 43. Bf4+ Kf5 44. Nd1 h4 45. Kf2 hxg3+ 46. Kxg3 Nc5 47. b4 Ne6 48. Bb8 e3 49. Kf3 Ng5+ 50. Ke2 Ke4 51. Ba7 Nxh3 52. Bxe3 g5 53. Ba7 Nf4+ 54. Kf2 Kd3 55. Kf3 Ne5+ 56. Kg3 Ne2+ 57. Kg2 Nxc3 0-1

[Event "Chigorin Mem Open, St Petersburg RUS"]
[Site "?"]
[Date "2001.??.??"]
[Round "2"]
[White "Malysheva, P."]
[Black "Stjazhkina, O."]
[Result "1/2-1/2"]
[WhiteElo "2090"]
[BlackElo "2310"]
[PlyCount "72"]
[EventDate "2001.??.??"]
[Source "www.chesslib.no"]
[SourceDate "2004.05.04"]

1. e4 e5 2. d4 exd4 3. Nf3 Bb4+ 4. c3 dxc3 5. Nxc3 Bxc3+ 6. bxc3 Ne7 7. Bc4 Nbc6 8. O-O O-O 9. Bg5 h6 10. Bh4 d6 11. Nd4 Qe8 12. f4 Nxd4 13. Qxd4 Nc6 14. Qd3 Kh8 15. Rae1 f6 16. Bb3 Be6 17. e5 fxe5 18. Bxe6 Qxe6 19. f5 Qf7 20. f6 g5 21. Bxg5 hxg5 22. Rf5 Qg6 23. Qh3+ Qh7 24. Qf3 Qh6 25. Re4 Rf7 26. h4 Rg8 27. Rg4 e4 28. Qe3 Ne5 29. Rgxg5 Rxg5 30. hxg5 Qh5 31. Qxe4 Rh7 32. g6 Qd1+ 33. Kf2 Qd2+ 34. Kg1 Qc1+ 35. Kf2 Qd2+ 36. Kg1 Qc1+ 1/2-1/2

[Event "CSR-ch"]
[Site "Rimavska Sobota"]
[Date "1974.??.??"]
[Round "7"]
[White "Lanc, Alois"]
[Black "Augustin, Josef"]
[Result "0-1"]
[WhiteElo "2200"]
[BlackElo "2200"]
[PlyCount "140"]
[EventDate "1974.??.??"]
[Source "ChessBase"]

1. e4 e5 2. d4 exd4 3. Nf3 Bc5 4. c3 d3 5. Bxd3 d6 6. Bg5 Ne7 7. Nbd2 Nbc6 8. Qe2 f6 9. Bh4 Ng6 10. Bg3 Bg4 11. h3 Bh5 12. Bc2 Nge5 13. Bh2 a6 14. g4 Nxf3+ 15. Nxf3 Bf7 16. b3 Qe7 17. Nh4 Be6 18. Nf5 Qf7 19. O-O-O O-O-O 20. Ne3 h5 21. f3 hxg4 22. hxg4 Rh3 23. Bf4 Rdh8 24. Rxh3 Rxh3 25. Qg2 Rh8 26. Nd5 g5 27. Be3 Bxe3+ 28. Nxe3 Ne5 29. Rh1 Qf8 30. Rh3 Ng6 31. Qh1 Rxh3 32. Qxh3 Qg7 33. Qh5 Kd8 34. Qh2 Ne5 35. Bd1 c6 36. Kc2 Kc7 37. Be2 a5 38. Kb2 b5 39. Nc2 Kb6 40. Kb1 c5 41. Ne3 b4 42. cxb4 axb4 43. Bc4 Bd7 44. Qd2 Qf8 45. a3 Bc6 46. axb4 Nxf3 47. bxc5+ dxc5 48. Nd5+ Bxd5 49. Qxd5 Qe7 50. Ka2 Ne5 51. Qg8 Qd6 52. Bd5 Nxg4 53. Qc8 Ne5 54. Qb7+ Ka5 55. Qa7+ Kb5 56. Qb7+ Qb6 57. Bc4+ Nxc4 58. Qd7+ Ka6 59. bxc4 Qa5+ 60. Kb2 Qb4+ 61. Ka1 Qxc4 62. Qc6+ Ka5 63. Qc7+ Ka4 64. Qa7+ Kb3 65. Qa2+ Kc3 66. Qb2+ Kd3 67. e5 Qa4+ 68. Kb1 c4 69. Qb7 Qc2+ 70. Ka1 Qc3+ 0-1

[Event "Skopje ol (Men)"]
[Site "Skopje MKD"]
[Date "1972.??.??"]
[Round "2"]
[White "Ahmed, K."]
[Black "Sacarello, Felix"]
[Result "0-1"]
[WhiteElo "2200"]
[BlackElo "2200"]
[PlyCount "81"]
[EventDate "1972.09.??"]
[Source "www.chesslib.no"]
[SourceDate "2004.05.04"]

1. e4 e5 2. d4 exd4 3. Bc4 Nc6 4. c3 dxc3 5. Nxc3 d6 6. Nf3 Be7 7. Nd5 Nf6 8. Nxe7 Qxe7 9. O-O O-O 10. Re1 Bg4 11. h3 Bxf3 12. gxf3 Nh5 13. f4 Qh4 14. Qg4 Qxg4+ 15. hxg4 Nf6 16. g5 Nd7 17. Be3 Nb6 18. Bf1 Rae8 19. f3 f6 20. Kg2 Kh8 21. Rac1 Re7 22. Bb5 fxg5 23. fxg5 Ne5 24. f4 Ng6 25. Kf3 Nxf4 26. Kg3 Ng6 27. Bd4 c6 28. Bd3 Ref7 29. Rf1 Ne5 30. Rxf7 Rxf7 31. Rf1 Rxf1 32. Bxf1 c5 33. Bg1 Na4 34. b3 Nc3 35. Kf4 Nxa2 36. Kf5 b6 37. Bh2 Nb4 38. Bxe5 dxe5 39. Kxe5 Nc6+ 40. Kd6 Nd4 41. e5 0-1

[Event "Czestochowa"]
[Site "Czestochowa"]
[Date "1981.??.??"]
[Round "9"]
[White "Sygulski, Boguslaw"]
[Black "Sygulski, Artur"]
[Result "0-1"]
[WhiteElo "2200"]
[BlackElo "2200"]
[PlyCount "34"]
[EventDate "1981.08.??"]
[Source "ChessBase"]

1. e4 e5 2. d4 exd4 3. Nf3 Nf6 4. e5 Ne4 5. Bd3 d5 6. O-O c5 7. Re1 Be7 8. b4 O-O 9. bxc5 Nc6 10. Bb5 Bg4 11. Bxc6 bxc6 12. Bb2 Bxc5 13. Bxd4 Qb6 14. c3 Bxd4 15. Qxd4 c5 16. Qxd5 Bxf3 17. gxf3 Qb2 0-1

[Event "Cseppko op-A 11th"]
[Site "?"]
[Date "2000.??.??"]
[Round "?"]
[White "Konnyu Janos"]
[Black "Meszaros Andras"]
[Result "0-1"]
[WhiteElo "2100"]
[BlackElo "2295"]
[PlyCount "78"]
[EventDate "2000.??.??"]
[Source "www.chesslib.no"]
[SourceDate "2004.05.04"]

1. e4 e5 2. d4 exd4 3. Nf3 Bc5 4. Bc4 Nf6 5. e5 d5 6. Bb5+ Bd7 7. Bxd7+ Nfxd7 8. O-O O-O 9. c3 dxc3 10. Qxd5 c6 11. Qe4 cxb2 12. Bxb2 Qe7 13. Nbd2 Na6 14. Nb3 Nc7 15. Nxc5 Nxc5 16. Qg4 N5e6 17. Nh4 Qg5 18. Qxg5 Nxg5 19. f4 Nge6 20. Nf5 Nd5 21. g3 Rfd8 22. Rfe1 Nb4 23. Re2 c5 24. Nd6 b6 25. a4 Nc6 26. Kf2 Ned4 27. Bxd4 Nxd4 28. Rb2 Nc6 29. Ke3 f6 30. Ke4 Rd7 31. Kd5 Nb4+ 32. Rxb4 cxb4 33. Rc1 Rad8 34. Rc6 Kf8 35. Kc4 fxe5 36. fxe5 Re7 37. Kd5 Rf7 38. e6 Rf5+ 39. Ke4 Rc5 0-1

[Event "Miskolc Avas op"]
[Site "Miskolc"]
[Date "1999.??.??"]
[Round "1"]
[White "Toth, Daniel"]
[Black "Borsavolgyi, Tamas"]
[Result "1/2-1/2"]
[WhiteElo "2080"]
[BlackElo "2305"]
[PlyCount "90"]
[EventDate "1999.??.??"]
[Source "www.chesslib.no"]
[SourceDate "2004.05.04"]

1. e4 e5 2. d4 exd4 3. Nf3 Bb4+ 4. Bd2 Qe7 5. Bd3 Nc6 6. O-O Bxd2 7. Nbxd2 d6 8. Bb5 Bg4 9. Qe1 Bd7 10. Bxc6 bxc6 11. Nxd4 Nf6 12. Qe3 O-O 13. c4 Rfe8 14. Rae1 Rab8 15. b3 c5 16. N4f3 Bc6 17. Qf4 Nd7 18. Re3 a5 19. Rfe1 f6 20. Qg3 a4 21. Nh4 axb3 22. axb3 Kh8 23. f4 Ra8 24. Ndf3 Qf7 25. e5 dxe5 26. fxe5 Nxe5 27. Nxe5 Rxe5 28. Rxe5 fxe5 29. Qxe5 Re8 30. Qg3 Rxe1+ 31. Qxe1 Qf4 32. Qf2 Qxf2+ 33. Kxf2 Be4 34. Ke3 Bc2 35. Kd2 Bxb3 36. Kc3 Ba4 37. Nf5 g6 38. Ne7 Kg7 39. Nd5 Kf7 40. g3 Ke6 41. Nxc7+ Ke5 42. Kd3 Bd7 43. Nd5 Bf5+ 44. Ke3 Bh3 45. Nc3 Bf1 1/2-1/2

[Event "FRA, Nationale II 2004/2005"]
[Site "?"]
[Date "2004.??.??"]
[Round "2.5"]
[White "Prudhomme Franck"]
[Black "Piot Olivier"]
[Result "0-1"]
[WhiteElo "2142"]
[BlackElo "2240"]
[PlyCount "68"]
[EventDate "2004.??.??"]
[Source "www.chesslib.no"]
[SourceDate "2004.05.04"]

1. e4 e5 2. d4 exd4 3. Nf3 Bb4+ 4. c3 dxc3 5. Nxc3 Nf6 6. Bc4 Nc6 7. e5 Bxc3+ 8. bxc3 Qe7 9. O-O Ng4 10. Qd5 O-O 11. Bg5 Qe6 12. Qe4 Qg6 13. Qxg4 d5 14. Nh4 Bxg4 15. Nxg6 hxg6 16. Bxd5 Nxe5 17. Bxb7 Rab8 18. Bd5 Rb5 19. c4 Nxc4 20. Bxc4 Rxg5 21. Rfe1 Bf3 22. Bf1 Rc8 23. h4 Rg4 24. g3 Rd4 25. Re7 Re4 26. Rd7 Bg4 27. Rd2 c5 28. Rc1 Be6 29. h5 gxh5 30. Ba6 Rb8 31. Rxc5 Ra4 32. Be2 g6 33. Rcc2 Rb1+ 34. Kg2 Ra1 0-1

[Event "Valencia op"]
[Site "?"]
[Date "1996.??.??"]
[Round "?"]
[White "Arizmendi Martinez Julen Luis"]
[Black "Clari Mascarell Jose Javier"]
[Result "1-0"]
[WhiteElo "2250"]
[BlackElo "2130"]
[PlyCount "55"]
[EventDate "1996.??.??"]
[Source "www.chesslib.no"]
[SourceDate "2004.05.04"]

1. e4 e5 2. d4 exd4 3. Nf3 Bb4+ 4. c3 dxc3 5. bxc3 Be7 6. Bc4 d5 7. exd5 Nf6 8. O-O c6 9. d6 Qxd6 10. Qe2 Nd5 11. Re1 Be6 12. Nd4 Qd7 13. Nxe6 fxe6 14. Qh5+ g6 15. Qh6 Bd6 16. Bg5 b5 17. Bb3 Na6 18. Nd2 Nc5 19. Ne4 Nxe4 20. Rxe4 Kf7 21. a4 Rae8 22. axb5 cxb5 23. Qh3 Bc5 24. Rd1 h6 25. Rxd5 Qc6 26. Qf3+ Kg8 27. Rxc5 Qxc5 28. Rxe6 1-0

[Event "1. Leaque 2005/06 rounds 6-7"]
[Site "?"]
[Date "2006.01.08"]
[Round "6"]
[White "Hautot Stephane"]
[Black "Counet Jean-Michel"]
[Result "1-0"]
[WhiteElo "2318"]
[BlackElo "2042"]
[PlyCount "54"]
[EventDate "2006.??.??"]
[Source "www.chesslib.no"]
[SourceDate "2004.05.04"]

1. e4 e5 2. d4 exd4 3. Nf3 Nf6 4. e5 Ne4 5. Qxd4 d5 6. exd6 Nxd6 7. Bd3 Nc6 8. Qf4 Be7 9. Nc3 Be6 10. Bd2 Bf6 11. O-O-O a5 12. a3 O-O 13. h4 Ne7 14. Ng5 Bf5 15. Bxf5 Nexf5 16. Nd5 Re8 17. Rhe1 Rxe1 18. Rxe1 h6 19. Nf3 Bxh4 20. Nxh4 Qxh4 21. g4 Re8 22. gxf5 Rxe1+ 23. Bxe1 Qh1 24. Qd2 Nxf5 25. b3 Nh4 26. Kb2 Qe4 27. Nc3 Qe5 1-0

[Event "Regionalliga SW9899"]
[Site "Bayern"]
[Date "1998.??.??"]
[Round "?"]
[White "Nissen, Jens"]
[Black "Kraenzle, Harald"]
[Result "1-0"]
[WhiteElo "2205"]
[BlackElo "2155"]
[PlyCount "55"]
[EventDate "1998.??.??"]
[Source "www.chesslib.no"]
[SourceDate "2004.05.04"]

1. e4 e5 2. d4 exd4 3. Nf3 Bb4+ 4. Bd2 Qe7 5. Bd3 Nc6 6. O-O Bxd2 7. Nbxd2 d6 8. h3 Nf6 9. Nb3 O-O 10. Re1 Re8 11. Nbxd4 Nxd4 12. Nxd4 Qe5 13. c3 Bd7 14. Re3 Nh5 15. Qb3 b6 16. Bc4 Re7 17. Rae1 Rae8 18. Nf5 Re6 19. Bxe6 Rxe6 20. Qd5 Qf6 21. Nxd6 g6 22. e5 Qe7 23. Ne4 Bc6 24. Qd4 Ng7 25. Nf6+ Kh8 26. Qh4 h5 27. Qg5 Nf5 28. g4 1-0